| 000 | 00972cam a2200133 4500500 | ||
|---|---|---|---|
| 005 | 20250921001555.0 | ||
| 041 | _afre | ||
| 042 | _adc | ||
| 100 | 1 | 0 |
_aOhl, Fabien _eauthor |
| 245 | 0 | 0 | _aSociologie du sport : Perspectives internationales et mondialisation |
| 260 |
_bPresses Universitaires de France,
_c2006. |
||
| 520 | _aUn point de vue international en sociologie du sport qui se propose de faire connaître les publications internationales en les confrontant aux recherches francophones, invitant ainsi le lecteur à une prise en compte des effets des cultures sur la production des savoirs scientifiques. Un ouvrage pionnier quant à cette confrontation des analyses sociologiques sur le sport favorisant l’accès à la connaissance de travaux inscrits dans d’autres contextes culturels et enrichissant notreregard sur les sciences sociales | ||
| 856 | 4 | 1 | _uhttps://shs.cairn.info/sociologie-du-sport--9782130553076?lang=fr&redirect-ssocas=7080 |
| 999 |
_c1505586 _d1505586 |
||